Carregando...
Half century of conflict. /
| Autor principal: | |
|---|---|
| Idioma: | Undetermined |
| Publicado em: |
1952.
|
| coleção: | The Harper historical series ed by Guy Stanton Ford.
|
| LEADER | 00441nam a2200133Ia 4500 | ||
|---|---|---|---|
| 001 | 90028 | ||
| 008 | 170722s9999 xx 000 0 und d | ||
| 100 | |a Easum, Chester V. | ||
| 245 | |a Half century of conflict. / | ||
| 260 | |c 1952. | ||
| 490 | |a The Harper historical series ed by Guy Stanton Ford. | ||
| 942 | |c GEN | ||
| 999 | |c 42433 |d 42433 | ||
| 952 | |0 0 |1 0 |4 0 |6 V_11_N5_J2 |7 0 |8 LC1 |9 57847 |a LIB |b LIB |d 2017-08-12 |h LC1 |o V1:1.N5 J2 |p 42907 |r 2017-08-12 |w 2017-08-12 |y GEN | ||